LEADER 01403nam0 2200337 i 450 001 SUN0125063 005 20191111021846.193 010 $d0.00 017 70$2O$a978-3-319-90902-8 100 $a20191030d2018 |0engc50 ba 101 $aeng 102 $aCH 105 $a|||| ||||| 200 1 $a*Topics on Continua$fSergio Macías 205 $a2. ed 210 $aCham$cSpringer$d2018 215 $axvii, 441 p.$cill.$d24 cm 606 $a54F15$xContinua and generalizations [MSC 2020]$2MF$3SUNC022379 606 $a54Cxx$xMaps and general types of topological spaces defined by maps [MSC 2020]$2MF$3SUNC024215 606 $a54Exx$xTopological spaces with richer structures [MSC 2020]$2MF$3SUNC029099 606 $a54Bxx$xBasic constructions in general topology [MSC 2020]$2MF$3SUNC033642 606 $a58E40$xVariational aspects of group actions in infinite-dimensional spaces [MSC 2020]$2MF$3SUNC035420 620 $aCH$dCham$3SUNL001889 700 1$aMacías$b, Sergio$3SUNV096517$066967 712 $aSpringer$3SUNV000178$4650 801 $aIT$bSOL$c20210503$gRICA 856 4 $uhttp://doi.org/10.1007/978-3-319-90902-8 912 $aSUN0125063 950 $aUFFICIO DI BIBLIOTECA DEL DIPARTIMENTO DI MATEMATICA E FISICA$d08CONS e-book 1437 $e08eMF1437 20191030 996 $aTopics on continua$9733807 997 $aUNICAMPANIA LEADER 01121aam a2200265 i 4500 001 991002885479707536 008 160211s2008 it 001 0 ita 020 $a9788815125606 020 $a8815125604 035 $ab1424858x-39ule_inst 040 $aDip.to di Storia, Società e Studi sull'Uomo$bita 082 04$a948.903 100 1 $aBorioni, Paolo$0150648 245 10$aSolo il re ha il potere delle armi :$bCopenaghen, 18 ottobre 1660: gli Stati generali di Danimarca e l'instaurazione dell'assolutismo monarchico /$cPaolo Borioni 260 $aBologna :$bIl mulino,$c2008 300 $a207 p. ;$c22 cm. 440 3$aLe grandi date della storia costituzionale ;$v7 650 4$aMonarchia$zDanimarca$xStoria$ySec. 17. 651 4$aDanimarca$xCostituzioni politiche$ySec. 17. 907 $a.b1424858x$b12-02-16$c11-02-16 912 $a991002885479707536 945 $aLE023 948.903 BOR 1 1 $g1$i2023000141786$lle023$og$pE18.50$q-$rl$s- $t0$u0$v0$w0$x0$y.i15711651$z11-02-16 996 $aSolo il re ha il potere delle armi$9254753 997 $aUNISALENTO 998 $ale023$b12-02-16$cm$da $e-$fita$git $h0$i0